Devinez les footballeurs selon leurs carrières #4 - Statistiques

Statistiques générales
  • Ce quiz a été pris 251 fois
  • Le résultat moyen est 9 sur 16
Statistiques - réponses
Carrière Joueur % Correct
Wayne Rooney
89%
Steven Gerrard
83%
Zinédine Zidane
82%
Andrea Pirlo
65%
Cesc Fàbregas
65%
Vincent Kompany
63%
Xabi Alonso
61%
Frank Lampard
60%
Didier Deschamps
54%
Xavi
53%
Mikel Arteta
51%
X Ces joueurs sont devenus des {entraineurs}
42%
Patrick Vieira
33%
Thiago Motta
33%
Gennaro Gattuso
23%
Pep Guardiola
19%
Aucun quiz correspondant
Distribution des résultats
% des personnes avec chaque résultat
Percentile par nombre de réponses
Votre historique - résultats
Vous n’avez pas pris ce quiz